RICS education reform and building surveying (Record no. 105994)
[ view plain ]
| 000 -LEADER | |
|---|---|
| fixed length control field | 01477cam a2200313 4500 |
| 001 - CONTROL NUMBER | |
| control field | ##L135305 |
| 008 - FIXED-LENGTH DATA ELEMENTS--GENERAL INFORMATION | |
| fixed length control field | 061011n2006 000 0 eng u |
| 020 ## - INTERNATIONAL STANDARD BOOK NUMBER | |
| International Standard Book Number | 9781842193074 |
| 035 ## - SYSTEM CONTROL NUMBER | |
| System control number | (Sirsi) u135305 |
| 041 #0 - LANGUAGE CODE | |
| Language code of text/sound track or separate title | eng |
| 050 04 - LIBRARY OF CONGRESS CALL NUMBER | |
| Classification number | 690.2 $2 18 |
| 100 1# - MAIN ENTRY--PERSONAL NAME | |
| Personal name | Hoxley, M. |
| 245 00 - TITLE STATEMENT | |
| Title | RICS education reform and building surveying |
| Remainder of title | the employers' view |
| 260 ## - PUBLICATION, DISTRIBUTION, ETC. | |
| Place of publication, distribution, etc. | London |
| Name of publisher, distributor, etc. | RICS |
| Date of publication, distribution, etc. | 2006 |
| 490 #0 - SERIES STATEMENT | |
| Series statement | COBRA |
| Volume/sequential designation | 2006 |
| 520 ## - SUMMARY, ETC. | |
| Summary, etc. | Looks at the impact of the 2001 RICS education reforms on building surveying. Recommendations include advice to universities on the design of building surveying undergraduate and conversion courses, more research on the high APC referral rates, and better liaison between industry and universities. |
| 590 ## - LOCAL NOTE (RLIN) | |
| Local note | IKA171006 |
| 590 ## - LOCAL NOTE (RLIN) | |
| Local note | KA |
| 651 #4 - SUBJECT ADDED ENTRY--GEOGRAPHIC NAME | |
| Geographic name | United Kingdom |
| Chronological subdivision | |
| 690 ## - LOCAL SUBJECT ADDED ENTRY--TOPICAL TERM (OCLC, RLIN) | |
| Topical term or geographic name as entry element | Building surveying |
| 9 (RLIN) | 6225 |
| 690 ## - LOCAL SUBJECT ADDED ENTRY--TOPICAL TERM (OCLC, RLIN) | |
| Topical term or geographic name as entry element | CAREERS, EDUCATION AND TRAINING-QUALIFICATION ROUTES-RICS ACCREDITED COURSES |
| 690 ## - LOCAL SUBJECT ADDED ENTRY--TOPICAL TERM (OCLC, RLIN) | |
| Topical term or geographic name as entry element | CAREERS, EDUCATION AND TRAINING-QUALIFICATION ROUTES-ASSESSMENT OF PROFESSIONAL COMPETENCE |
| 700 1# - ADDED ENTRY--PERSONAL NAME | |
| Personal name | Wilkinson, S. |
| 710 1# - ADDED ENTRY--CORPORATE NAME | |
| Corporate name or jurisdiction name as entry element | Royal Institution of Chartered Surveyors |
| Subordinate unit | Education Trust |
| 9 (RLIN) | 47 |
| 711 2# - ADDED ENTRY--MEETING NAME | |
| Meeting name or jurisdiction name as entry element | Construction and Building Research Conference |
| Number of part/section/meeting | (11th |
| Date of meeting or treaty signing | 2006 |
| Location of meeting | London) |
| 711 2# - ADDED ENTRY--MEETING NAME | |
| Meeting name or jurisdiction name as entry element | Construction and Building Research Conference |
| Number of part/section/meeting | (11th |
| Date of meeting or treaty signing | 2006 |
| Location of meeting | London) |
| 856 40 - ELECTRONIC LOCATION AND ACCESS | |
| Uniform Resource Identifier | <a href="https://www.rics.org/site/scripts/download_info.aspx?downloadID=2954">https://www.rics.org/site/scripts/download_info.aspx?downloadID=2954</a> |
| Public note | View the paper free of charge at www.rics.org... |
| 942 ## - ADDED ENTRY ELEMENTS (KOHA) | |
| Suppress in OPAC | 0 |
| Withdrawn status | Lost status | Source of classification or shelving scheme | Damaged status | Not for loan | Home library | Current library | Shelving location | Date acquired | Total Checkouts | Full call number | Barcode | Date last seen | Copy number | Price effective from | Koha item type |
|---|---|---|---|---|---|---|---|---|---|---|---|---|---|---|---|
| Dewey Decimal Classification | Virtual | Virtual | Online | 11/10/2006 | ONLINE PUBLICATION | 135305-2001 | 06/08/2019 | 1 | 06/08/2019 | Book |